Making Contact: Jill Tarter and the search for Extraterrestrial Intelligence (Record no. 14147)

MARC details
000 -LEADER
fixed length control field 00414nam a2200145Ia 4500
008 - FIXED-LENGTH DATA ELEMENTS--GENERAL INFORMATION
fixed length control field 230312s9999||||xx |||||||||||||| ||und||
020 ## - INTERNATIONAL STANDARD BOOK NUMBER
International Standard Book Number 978-1681774411
082 ## - DEWEY DECIMAL CLASSIFICATION NUMBER
Classification number 576.839
Item number SCO-M
100 ## - MAIN ENTRY--PERSONAL NAME
Personal name Scoles;Sarah
245 #0 - TITLE STATEMENT
Title Making Contact: Jill Tarter and the search for Extraterrestrial Intelligence
260 ## - PUBLICATION, DISTRIBUTION, ETC.
Name of publisher, distributor, etc. Pegasus Books
Place of publication, distribution, etc. London
Date of publication, distribution, etc. 2017
300 ## - PHYSICAL DESCRIPTION
Extent 275
650 ## - SUBJECT ADDED ENTRY--TOPICAL TERM
Topical term or geographic name entry element PhysioTherapy
Form subdivision Science
942 ## - ADDED ENTRY ELEMENTS (KOHA)
Koha item type BOOK
Holdings
Withdrawn status Lost status Source of classification or shelving scheme Damaged status Not for loan Home library Current library Date acquired Total Checkouts Full call number Barcode Date last seen Date last checked out Price effective from Koha item type
    Dewey Decimal Classification     Superior Information Resource Center (SIRC) Superior University- Central Library Superior Information Resource Center (SIRC) Superior University- Central Library 03/13/2023 1 576.839 SCO-M 14282 02/04/2026 02/01/2026 03/13/2023 BOOK

Powered by Koha